000 01008cam a22003257a 4500
003 CHAP
005 20220329134716.0
008 971013s1978 br r 00010 por d
010 _a24564
011 _a25536
035 _a29636
040 _cCHAP
082 _a338.17373
_bI53
110 _aInstituto Brasileiro do Café
_959078
245 1 2 _aO café no Brasil
260 _aRío de Janeiro,
_c1978
300 _a108 p
590 _aBATCH-UPD
_b10
_c20130110
_lUCH01
_h0256
590 _aBATCH-UPD
_b10
_c20130110
_lUCH01
_h2031
590 _aBATCH-UPD
_b10
_c20130409
_lUCH01
_h2327
590 _aBATCH-UPD
_b10
_c20130410
_lUCH01
_h1348
590 _aBATCH-UPD
_b10
_c20130914
_lUCH01
_h0806
590 _aCONVERSION
_b10
_c20130109
_lUCH01
_h1314
650 1 4 _aCafé
_xAspectos económicos
_xBrasil.
_917093
650 1 4 _aCafé
_xEstadísticas.
_917142
650 1 4 _aCafeticultores.
_917080
901 _aBK
942 _cLIBRO
949 _a338.17373 I53
_bBC
_cLIBRO
_d33724000117271
_eLIBRO
_h47230
_i29636
_mD
_si
999 _c24564
_d24564